000 00556nam a2200157 4500
008 161115b xxu||||| |||| 00| 0 eng d
022 _a01153544
082 _aDPer 338.05 En86 Apr-Jul 2015 V. 15 n. 158-161
100 _917348
_aCastro, Zar
245 _aMunchie surprise:
_bsnack attacks are satisfied via subscription/
_cZar Castro.
260 _aPhilippines:
_bSummit Media,
_cApr-Jul 2015.
300 _av15 n158, page 14:
_billustrations,
_c28 cm.
500 _aEntrepreneur.
650 0 _917349
_aSnack food
_xCustomer subscription
942 _2ddc
_cPER
999 _c5651
_d5651